000 01799cam a22004934 4500
003 PE-LiUPU
005 20250731173419.0
008 s2002 miu r 0 0 spa d
020 _a0825411351
035 _a(Sirsi) i9780825411359
035 _a(Sirsi) 47257
035 _a(Sirsi) 47257
041 _aes
049 _aPRUA
082 0 4 _a254.7
_bC61
100 1 _aClements, Patrick L.
245 1 0 _aCómo construir y financiar su templo :
_buna guía paso por paso para su éxito /
_cPartrick L. Clements.
264 1 _aMichigan :
_bPortavoz,
_c2002
300 _a207 páginas ;
_c22 centímetros
336 _atext
_2rdacontent
337 _aunmediated
_2rdamedia
338 _avolume
_2rdacarrier
505 0 _aLa oración: un cimiento fuerte y seguro -- Una nota especial para pastores -- La visión: no empiece sin ella -- Cómo compartir la visión -- La mayordomía: cómo usar eficazmente el dinero del reino -- Cómo encontrar el financiamiento -- Co
526 _aSEG42
526 _aSEG41
526 _aSEG40
526 _aSEG39
526 _aP94
526 _aP87
526 _aP86
526 _aP85
526 _aP77
526 _aP76
526 _aP35
650 1 4 _aIglesia
_xFinanzas
650 1 4 _aTemplos
_xDiseño y construcción
942 _2ddc
_cBOOK
949 _a254.7 C61
_i64905
_lCCODEBUL1
_mBUL
_tLIBRO
_o.STAFF. Colección Teología
859 _q64905
_h254.7
_iC61
910 _agl
_b
_cjck
_d20120608
596 _a1
999 _a254.7 C61
_wDEWEY
_c53614
_i64905
_d53614
_e2017-4-3
_f2021-11-10
_g5
_lCCODEBUL1
_mBUL
_n1
_p15.00
_r0
_sY
_tBOOK
_u2015-7-6
_xTEOLOGIA
_PP35
_0COMPRA
_o.STAFF. Colección Teología
980 _81
_gALBERTO SANCHEZ Responsable de Automatización